IBM dictionary of computing

Bibliographic Details
Other Authors: McDaniel, George
Format: Book
Published: New York : McGraw-Hill , 1994
Subjects:

MARC

LEADER 00000cam a2200000 7i4500
001 0000003269
002 000003526
005 20000330.0
020 |a 0070314896 
090 0 0 |a 004.03   |b INT 
245 0 0 |a IBM dictionary of computing   |c edited by George McDaniel 
260 |a New York :   |b McGraw-Hill ,   |c 1994 
300 |a 758p. :   |b ill. ;   |c 23cm. 
650 0 0 |a Computers   |x Dictionaries 
700 1 |a McDaniel, George 
999 |a 033943   |b BUKU   |c PINJAMAN   |e PERPUSTAKAAN KOMUNITI PETALING JAYA